000 00443nam a2200157 i 4500
001 83679
003 ES-MaACL
005 20230906174856.0
007 t|
008 041118s1925 ck ||||1| spa d
100 1 _aJaramillo, Esteban.
_966100
245 1 0 _aTratado de Ciencia de la Hacienda Pública /
_cEsteban Jaramillo.
260 _aBogotá :
_b[s.n.,
_c1925] (
_fImp. de la Luz)
300 _a2 v. ;
_c25 cm.
852 _aES-MaACL
_jF-3256
999 _c83679
_d83679